LEADER 01303nam a2200289 u 4500 001 000000002140 003 CaOOAMICUS 005 20070226104405.0 008 940514s1989 it u000 u ita u 020 $a88-343-1731-9 035 $a10053914 040 $aDAI(R)$bita 100 1 $aBattaglia, Emanuela.$0(OLS)http://pul/name/2315 245 10$aArtos :$bil lessico della panificazione nei papiri greci /$cEmanuela Battaglia. 260 $aMilano :$bUniversità Cattolica del Sacro Cuore,$c1989. 300 $a252 p., c. di tav. :$btav. ;$c24 cm 490 1 $aBiblioteca di Aevum antiquum ;$v2 504 $aBibliografia: p. [31]-36. 650 4$aManoscritti greci (papiri).$0(OLS)http://pul/subject/1998 650 4$aLingua greca$xLessicografia.$0(OLS)http://pul/subject/1999 830 0$aBiblioteca di Aevum antiquum ;$v2.$0(OLS)http://pul/title/2063 850 $aPUL 852 $aPUL$W1$xDP1 Fondo Cecchetti$y53$m269 E 47$j2845$nBK-PRI$b $qFondi$B2845$CPULBib$Z2$F2845 $HPUL62122 $81 941 1 $a1 996 $6020$a88-343-1731-9$9(OLS)http://pul/number/2860 996 $6245$aArtos :$bil lessico della panificazione nei papiri greci$9(OLS)http://pul/title/3185 996 $6260$aMilano :$bUniversità Cattolica del Sacro Cuore$9(OLS)http://pul/publisher/49162 LEADER 01365nam a2200313 u 4500 001 000000058873 003 CaOOAMICUS 005 20070226120735.0 008 010615s1994 it u000 u ita u 020 $a8824504876 035 $a10892654 040 $aPUL(R)$bita 041 1 $aita$hger 245 03$aLa posta in gioco :$bverbale di una condanna /$c[Eugen Drewermann] ; a cura di Franz Reinders. 260 $aMilano :$bEdizioni di Comunità,$cc1994. 300 $a559 p. ;$c22 cm 490 1 $aIl Mondo nuovo ;$v249 500 $aTit. orig.: Worum es eigentlich geht. 504 $a"Bibliografia di Eugen Drewermann": p. [561]-562. 600 14$aDrewermann, Eugen,$d1940-$xCritica e interpretazione.$0(OLS)http://pul/subject/23078 700 1 $aDrewermann, Eugen,$d1940-$0(OLS)http://pul/name/26390 700 1 $aReinders, Franz.$0(OLS)http://pul/name/40747 830 3$aIl Mondo nuovo ;$v249.$0(OLS)http://pul/title/67606 850 $aPUL 852 $aPUL$W1$xDP1 Altre Collocazioni$y17$mSenza collocazione$j12$nBK-PRI$b $qStampati$B76855$CPULBib$Z2$F76855 $H $81 941 1 $a8 996 $6020$a8824504876$9(OLS)http://pul/number/74752 996 $6245$aLa posta in gioco :$bverbale di una condanna$9(OLS)http://pul/title/78874 996 $6260$aMilano :$bEdizioni di Comunità$9(OLS)http://pul/publisher/48252